| 000 | 00633nam a2200217 a 4500 | ||
|---|---|---|---|
| 005 | 20210223122057.0 | ||
| 008 | 991125s2010 mx 000 0 spa u | ||
| 020 | _a9788446031833 | ||
| 035 | _aUPN01000028902 | ||
| 049 | _aCG | ||
| 050 | 4 |
_aDC316 _bM3.2 |
|
| 100 | 1 |
_aMarx, Karl, _d1818-1883 |
|
| 245 | 1 | 3 |
_aLa comuna de París / _cMarx, Engels, Lenin. |
| 260 |
_aMadrid : _bAkal, _c2010. |
||
| 300 | _a113 p. | ||
| 440 | 0 |
_aBásica de bolsillo ; _v219 |
|
| 651 | 4 |
_aPARIS, FRANCIA - _xHISTORIA - _yCOMUNA, 1871 _924750 |
|
| 700 | 1 |
_aEngels, Friedrich, _d1820-1895 |
|
| 700 | 1 |
_aLenin, Vladimir Ilich, _d1870-1924 |
|
| 905 | _aLibro | ||
| 999 |
_c28902 _d28902 |
||